| 000 | 00632nam a2200217Ia 4500 | ||
|---|---|---|---|
| 003 | OSt | ||
| 005 | 20220926044439.0 | ||
| 006 | a|||||r|||| 00| 0 | ||
| 007 | ta | ||
| 008 | 220923b |||||||| |||| 00| 0 eng d | ||
| 037 | _cGeneral Book | ||
| 040 |
_aRTL _cRTL _beng |
||
| 041 |
_2eng _aeng |
||
| 082 | _aZ.2.N6H5:G, J4/GD | ||
| 110 |
_aAll India Congress Planning Sub Committee _9349058 |
||
| 245 | 0 |
_aReport _b Congress planning sub commitee 1954 |
|
| 260 | _c1954 | ||
| 700 |
_aAll India Congress Planning Sub Committee _9349059 |
||
| 942 |
_hZ.2.N6H5:G, J4/GD _cGB _2CC |
||
| 999 |
_c674928 _d674928 |
||